| 000 | 00000cam 2200000zi 4500 |
| 001 | 9.954949 |
| 003 | CaOODSP |
| 005 | 20260203102649 |
| 006 | m o d f |
| 007 | cr cn||||||||| |
| 008 | 250908e202508##quca ob f000 0 eng d |
| 020 | |a9780660788555 |q(report) |
| 020 | |a9780660788562 |q(summary) |
| 040 | |aCaOODSP|beng|erda|cCaOODSP |
| 043 | |an-cn--- |
| 086 | 1 |aEn4-641/2025E-PDF |
| 086 | 1 |aEn4-641/2025-1E-PDF |
| 245 | 00|aEvaluation of the Habitat Conservation and Protection Program : |bProtected Areas Program : final report. |
| 264 | 1|aGatineau Quebec : |bAudit and Evaluation Branch, Environment and Climate Change Canada = Direction générale de l'audit et de l'évaluation, Environnement et changement climatique Canada, |cAugust 2025. |
| 264 | 4|c©2025 |
| 300 | |a1 online resource (iv, 47 pages) : |billustrations + |e1 sommaire (12 pages) |
| 336 | |atext|btxt|2rdacontent |
| 337 | |acomputer|bc|2rdamedia |
| 338 | |aonline resource|bcr|2rdacarrier |
| 500 | |aCover title. |
| 500 | |aIssued also in French under title: Évaluation du Programme de conservation et de protection des habitats : Programme des aires protégées : rapport final. |
| 500 | |a"At a glance"--Summary title. |
| 504 | |aIncludes bibliographical references. |
| 520 | |a"The evaluation of the Habitat Conservation and Protection (HCP) Program is part of Environment and Climate Change Canada's (ECCC) Audit and Evaluation Plan 2022 to 2027. It carries out an assessment of the relevance, the effectiveness, and the efficiency of the Protected Areas Program from 2018-2019 to 2023-2024. The examination focused on program design, performance, efficiency, and delivery alternatives, as well as performance measurement and contribution to reconciliation with Indigenous peoples in Canada"--About this evaluation, page 3. |
| 610 | 10|aCanada. |bEnvironment and Climate Change Canada|xEvaluation. |
| 650 | 0|aProtected areas|xGovernment policy|zCanada|xEvaluation. |
| 650 | 0|aHabitat conservation|xGovernment policy|zCanada|xEvaluation. |
| 710 | 1 |aCanada. |bEnvironment and Climate Change Canada. |bAudit and Evaluation Branch, |eissuing body. |
| 775 | 08|tÉvaluation du Programme de conservation et de protection des habitats : |w(CaOODSP)9.954951 |
| 795 | |tEvaluation of the Protected Areas Program : |b2014|w(CaOODSP)9.932242 |
| 856 | 40|qPDF|s657 KB|uhttps://publications.gc.ca/collections/collection_2026/eccc/en4/En4-641-2025-eng.pdf|zReport |
| 856 | 40|qPDF|s356 KB|uhttps://publications.gc.ca/collections/collection_2026/eccc/en4/En4-641-2025-1-eng.pdf|zSummary |
| 856 | 4 |qHTML|sN/A|uhttps://www.canada.ca/en/environment-climate-change/corporate/transparency/priorities-management/evaluations/protected-areas-program-final-report-2025.html|zReport |
| 856 | 4 |qHTML|sN/A|uhttps://www.canada.ca/en/environment-climate-change/corporate/transparency/priorities-management/evaluations/protected-areas-program-summary-2025.html|zSummary |
| 986 | |aEC 25019 |